Two bird-lovers in Mexico /

Bibliographic Details
Main Author: Beebe, William, 1877-1962
Format: Book
Language:English
Published: Boston, New York : Houghton, Mifflin and compamy, 1905.
Subjects:

MARC

Tag First Indicator Second Indicator Subfields
LEADER 00000cam a2200000 4500
001 in00000041103
005 20151007070632.0
008 720501s1905 maua 00010 eng u
010 |a  05033213  
035 |a (OCoLC)00296699 
035 |9 AAE4401AM 
040 |c OSU  |d TXA  |d UtOrBLW 
049 |a TXAM  |c [131791]  |a TXAS [knam]  |c 2 
050 0 |a QH107  |b .B4 
092 |a 574  |b B414t 
100 1 |a Beebe, William,  |d 1877-1962. 
245 1 0 |a Two bird-lovers in Mexico /  |c by C. William Beebe ... illustrated with photographs from life taken by the author. 
264 1 |a Boston,  |a New York :  |b Houghton, Mifflin and compamy,  |c 1905. 
300 |a xiii, 407 pages, 1 unnumbered page, 1 :  |b frontispiece, illustrations ;  |c 22 cm. 
336 |a text  |b txt  |2 rdacontent 
337 |a unmediated  |b n  |2 rdamedia 
338 |a volume  |b nc  |2 rdacarrier 
500 |a "Parts of certain chapters have already appeared in print in the New York 'Evening post.'" - Pref. 
500 |a "How we did it," by Mrs. C. William Beebe: pages 363-[375]. 
500 |a Appendix: List of birds observed on our Mexican trip, pages [377]-[400]. 
650 0 |a Natural history  |z Mexico. 
650 0 |a Birds  |z Mexico. 
999 |a MARS 
999 f f |s ce4ecaa6-103d-3ee8-bb8d-9cecbcd22064  |i 3cc15822-07c0-39fe-8a35-ae8e80558f3b  |t 0 
952 f f |p ric  |a Texas A&M University  |b Rellis Campus  |c Joint Library Facility  |d Remote Storage  |t 0  |e QH107 .B4  |h Library of Congress classification  |i unmediated -- volume  |m A14800970171 
952 f f |p noncirc  |a Texas A&M University  |b College Station  |c Cushing Memorial Library & Archives  |d Cushing: Kincaid/North America (Remote Storage: 2-3 day retrieval)  |t 0  |e QH107 .B4 1905  |h Library of Congress classification  |i unmediated -- volume 
998 f f |a QH107 .B4 1905  |t 0  |l Cushing: Kincaid/North America (Remote Storage: 2-3 day retrieval) 
998 f f |a QH107 .B4  |t 0  |l Remote Storage